MESTSKÁ KNIŽNICA GIRALTOVCE  - online katalóg 

Telesná výchova v materskej škole (Record no. 15293)

000 -NÁVESTIE
fixed length control field 01265nam a2200337 a 4500
008 - ÚDAJE S PEVNOU DĹŽKOU – VŠEOBECNÉ INFORMÁCIE
fixed length control field 951031s1987||||[C 0 slo c
040 ## - ZDROJ KATALOGIZÁCIE
Pôvodná katalogizujúca agentúra SNK
Jazyk katalogizácie slo
Prepisujúca agentúra SNK
Konvencie popisu AACR2
041 1# - KÓD JAZYKA
Kód jazyka textu/zvukovej stopy alebo samostatných nápisov slo
044 ## - KÓD KRAJINY VYDAVATEĽA/PRODUCENTA
Kód krajiny MARC xo
Kód krajiny ISO SK
080 ## - ČÍSLO MEDZINÁRODNÉHO DESATINNÉHO TRIEDENIA (MDT)
Číslo Medzinárodného desatinného triedenia (MDT) 943.767.2-22
080 ## - ČÍSLO MEDZINÁRODNÉHO DESATINNÉHO TRIEDENIA (MDT)
Číslo Medzinárodného desatinného triedenia (MDT) 908.437.672
020 ## - MEDZINÁRODNÉ ŠTANDARDNÉ ČÍSLO KNIHY (ISBN)
Údaje o dostupnosti 29
100 1# - OSOBNÉ MENÁ – VŠEOBECNÉ INFORMÁCIE
Kód roly com
245 10 - NÁZOV
Údaj o zodpovednosti atď. Zost. Ferdinand Uličný ; Aut. Ľubica Cibuľková, Dušan Čaplovič, Mikuláš Lovacký, Martin Mešša, Martin Mihály, Imrich Michnovič, Jozef Petrovič, Ferdinand Uličný ; Graf. upr. Tatiana Tarhanovičová ; Aut. obál. Tatiana Tarhanovičová
Názov Telesná výchova v materskej škole
260 ## - VYDAVATEĽSKÉ ÚDAJE, DISTRIBÚCIA ATĎ.
Dátum publikovania, distribúcie atď. 1987
Miesto výroby Banská Bystrica
Výrobca Tlačiarne BB, spol. s r.o.
Názov vydavateľa, distibútora atď. SPN
Miesto publikovania, distribúcie atď. Bratislava
300 ## - FYZICKÝ POPIS
Rozsah 224 s.
Ďalšie fyzické detaily Fotogr., tab., lit. 179 zázn. v slov.
Rozmery 21 cm
490 0# - EDÍCIA
Edícia URBS
500 ## - VŠEOBECNÁ POZNÁMKA
Formátovaná poznámka o obsahu Ilustr. na front. a predsádkach
700 1# - PRIDANÝ VSTUP – OSOBNÉ MENO
Osobné meno Cibuľková, Ľubica
Kód roly aut
700 1# - PRIDANÝ VSTUP – OSOBNÉ MENO
Osobné meno Čaplovič, Dušan
Kód roly aut
700 1# - PRIDANÝ VSTUP – OSOBNÉ MENO
Osobné meno Lovacký, Mikuláš
Kód roly aut
700 1# - PRIDANÝ VSTUP – OSOBNÉ MENO
Osobné meno Mešša, Martin
Kód roly aut
700 1# - PRIDANÝ VSTUP – OSOBNÉ MENO
Osobné meno Mihály, Martin
Kód roly aut
700 1# - PRIDANÝ VSTUP – OSOBNÉ MENO
Osobné meno Michnovič, Imrich
Kód roly aut
700 1# - PRIDANÝ VSTUP – OSOBNÉ MENO
Osobné meno Petrovič, Jozef
Kód roly aut
700 1# - PRIDANÝ VSTUP – OSOBNÉ MENO
Osobné meno Uličný, Ferdinand
Kód roly aut
700 1# - PRIDANÝ VSTUP – OSOBNÉ MENO
Osobné meno Tarhanovičová, Tatiana
Kód roly bkd
700 1# - PRIDANÝ VSTUP – OSOBNÉ MENO
Osobné meno Tarhanovičová, Tatiana
Kód roly bjd
958 ## - Formálny deskriptor
Formálny deskriptor AMG
958 ## - Formálny deskriptor
Formálny deskriptor AZN
Holdings
Stav stiahnutia (Blokovanie) (Withrawn status) Stav straty Zdroj klasifikácie pre skladovanie Stav poškodenia (Damaged status) Nie pre výpožičky (Not for loan) Spôsob nadobudnutia (Collection code) Trvalé umiestnenie Aktuálne umiestnenie Dátum nadobudnutia Náklady, bežná kúpna cena Inventárne číslo (prírastkové číslo) Celkom výpožičky Full call number Čiarový kód Dátum posledného výskytu Dátum poslednej výpôžičky Cena s účinnosťou od Typ jednotky Koha
          Kúpa Mestská knižnica Giraltovce Mestská knižnica Giraltovce 2019-11-29 29.00 14327 1 I0365 I0365 2022-04-28 2022-03-25 2019-11-29 Odborná literatúra pre dospelých

Powered by Koha